Statistics for Jane Austen Novels

Click here to take the quiz!

General Stats

  • This quiz has been taken 10,965 times
  • The average score is 4 of 6

Answer Stats

Year Title % Correct
1813Pride and Prejudice
98%
1815Emma
85%
1811Sense and Sensibility
82%
1818Northanger Abbey
52%
1814Mansfield Park
46%
1818Persuasion
46%

Score Distribution

Percentile by Number Answered

Percent of People with Each Score

Your Score History

You have not taken this quiz